000 00748nam a2200289Ia 4500
005 20260324112628.0
008 008 260324s9999 xx 000 0 eng d
020 _a9781003473886
037 _aEBOOK
040 _aCRL
040 _beng
040 _cCRL
041 _2eng
041 _aeng
084 _qCRL
100 _aAmit Kumar Tyagi; Shrikant Tiwari; Sayed Sayeed Ahmad
_91143497
245 0 _aIndustry 4.0, Smart Manufacturing, and Industrial Engineering
245 0 _bChallenges and Opportunities
260 _bTaylor and Francis
260 _c2024
365 _a
365 _b355
856 _uhttp://www.taylorfrancis.com/books/9781003473886
942 _cEBOOK
999 _c1732771
_d1732771